00587nam a2200157Ia 4500008004000000082001600040100002300056245008500079260003300164300001100197650003900208690002600247906001200273999001900285952012500304210210b1970 xxu||||| |||| 00| 0 eng d a541.22 BENA aBENSON (Sidney W). aAtoms molecules and chemical reaction: chemistry from a molecular point of view. aLondonbAddison-Wesleyc1970 aix,196 aAtoms Molecules Chemical Reactions aTheoretical Chemistry aCC00009 c108859d108859 001040708ChemistryaALbALcChemistryd2021-02-17g0.00l0o541.22 BENApCC00009r2021-02-17 00:00:00w2021-02-17yCC